[Event "Southend op"]
[Site "Southend"]
[Date "2024.03.29"]
[Round "3"]
[White "Abhyuday, Santhosh"]
[Black "Agdelen, Huseyin Can"]
[Result "1-0"]
[WhiteElo "2150"]
[BlackElo "2408"]
[PlyCount "59"]
[EventDate "2024.03.28"]
[EventType "swiss"]
[EventRounds "9"]
[EventCountry "ENG"]
[SourceTitle "CB14_2024"]
[SourceDate "2024.04.01"]
[SourceVersion "1"]
[SourceVersionDate "2024.04.01"]
[SourceQuality "1"]

1. e4 c5 2. Nf3 e6 3. d4 cxd4 4. Nxd4 Nc6 5. Nc3 a6 6. Be3 Nf6 7. a3 b5 8. Bd3 Bb7 9. 0-0 Qc7 10. Qe2 Ne5 11. h3 Rc8 12. f4 Nxd3 13. cxd3 d6 14. Rac1 Qb8 15. Qf2 Be7 16. g4 Nd7 17. f5 e5 18. f6 Bxf6 19. Nf5 0-0 20. g5 Bd8 21. b4 f6 22. Kh2 g6 23. Qa2+ Kh8 24. Nh6 Rxc3 25. Rxc3 d5 26. Rc2 Qd6 27. gxf6 Bxf6 28. Rcf2 Kg7 29. Ng4 Kg8 30. Bc5 1-0

[Event "Hastings Weekend op-A"]
[Site "Hastings"]
[Date "2024.01.06"]
[Round "3"]
[White "Walker, Martin Graham"]
[Black "Abhyuday, Santhosh"]
[Result "1/2-1/2"]
[WhiteElo "2090"]
[BlackElo "2058"]
[PlyCount "72"]
[EventDate "2024.01.06"]
[EventType "swiss"]
[EventRounds "5"]
[EventCountry "ENG"]
[SourceTitle "CB02_2024"]
[SourceDate "2024.01.10"]
[SourceVersion "1"]
[SourceVersionDate "2024.01.10"]
[SourceQuality "1"]

1. e4 c5 2. Nf3 d6 3. Bb5+ Nd7 4. d4 cxd4 5. Qxd4 a6 6. Bc4 e6 7. 0-0 Ngf6 8. Nc3 Be7 9. a4 b6 10. b4 Bb7 11. Bb2 Qc7 12. Bb3 Ne5 13. Nd2 g5 14. b5 a5 15. Nc4 Nxc4 16. Bxc4 0-0-0 17. Rfe1 Ng4 18. Be2 Ne5 19. Rad1 h5 20. Nb1 Bf6 21. Qe3 g4 22. Kh1 Rhg8 23. Bxe5 Bxe5 24. Na3 d5 25. exd5 Bf4 26. d6 Bxe3 27. dxc7 Rxd1 28. Rxd1 Bxf2 29. Nc4 Bc5 30. Ne5 f6 31. Nd7 Kxc7 32. Nxf6 Rf8 33. Nxh5 Rf2 34. Bf1 Rxc2 35. Nf4 e5 36. Ne6+ Kb8 1/2-1/2

[Event "Lorca op 12th"]
[Site "Lorca"]
[Date "2023.12.30"]
[Round "9"]
[White "Salvador Buiza, Victor"]
[Black "Abhyuday, Santhosh"]
[Result "1/2-1/2"]
[WhiteElo "2122"]
[BlackElo "1951"]
[PlyCount "119"]
[EventDate "2023.12.26"]
[EventType "swiss"]
[EventRounds "9"]
[EventCountry "ESP"]
[SourceTitle "CB01_2024"]
[SourceDate "2024.01.03"]
[SourceVersion "1"]
[SourceVersionDate "2024.01.03"]
[SourceQuality "1"]

1. e4 c5 2. Nf3 d6 3. d4 cxd4 4. Nxd4 Nf6 5. Nc3 a6 6. Bg5 e6 7. f4 Nbd7 8. Qf3 h6 9. Bh4 Qc7 10. 0-0-0 Be7 11. g4 g5 12. fxg5 Ne5 13. Qg3 hxg5 14. Bxg5 Nfxg4 15. Bxe7 Qxe7 16. h4 Bd7 17. Be2 Rg8 18. Kb1 0-0-0 19. Rdg1 Kb8 20. h5 Qf6 21. Rf1 Qh6 22. Qh4 Rc8 23. Rhg1 Ne3 24. Rc1 Rxg1 25. Rxg1 N3c4 26. Rd1 Qe3 27. Bxc4 Nxc4 28. Nde2 Qb6 29. b3 Na3+ 30. Kb2 Nc4+ 31. Kb1 Na3+ 32. Kb2 Nc4+ 33. Kc1 Qe3+ 34. Kb1 Na3+ 35. Kb2 Nb5 36. Qf6 Qc5 37. h6 e5 38. Rd5 Qc6 39. Nxb5 Qxc2+ 40. Ka3 Bxb5 41. Qxd6+ Ka8 42. h7 Bxe2 43. Rc5 Rxc5 44. h8Q+ Rc8 45. Qhxe5 Bb5 46. Qed4 Qc1+ 47. Qb2 Qe1 48. Qb6 Qd1 49. Q2f2 Qc1+ 50. Qb2 Qe1 51. e5 Qd1 52. Q6d4 Qe1 53. Qbd2 Qh1 54. Q2f2 Qc1+ 55. Kb4 b6 56. a4 a5+ 57. Kxb5 Qc6+ 58. Ka6 Qb7+ 59. Kb5 Qc6+ 60. Ka6 1/2-1/2

[Event "Lorca op 12th"]
[Site "Lorca"]
[Date "2023.12.28"]
[Round "5"]
[White "Macak, Stefan"]
[Black "Abhyuday, Santhosh"]
[Result "1/2-1/2"]
[WhiteElo "2354"]
[BlackElo "1951"]
[PlyCount "97"]
[EventDate "2023.12.26"]
[EventType "swiss"]
[EventRounds "9"]
[EventCountry "ESP"]
[SourceTitle "CB01_2024"]
[SourceDate "2024.01.03"]
[SourceVersion "1"]
[SourceVersionDate "2024.01.03"]
[SourceQuality "1"]

1. e4 c5 2. Nf3 d6 3. d4 cxd4 4. Nxd4 Nf6 5. Nc3 a6 6. Be3 e6 7. Be2 Nbd7 8. Qd2 Qc7 9. f3 h5 10. 0-0-0 b5 11. a3 Bb7 12. h3 h4 13. Kb1 Be7 14. Rhe1 Rc8 15. Bg5 Nc5 16. Bd3 Nxd3 17. cxd3 0-0 18. Rc1 Qd7 19. Nb3 Qd8 20. f4 e5 21. Qf2 Nh5 22. Qxh4 Bxg5 23. fxg5 Nf4 24. Qg3 Qb6 25. Ne2 Rxc1+ 26. Nbxc1 b4 27. a4 Ne6 28. g6 Qc6 29. Qg4 Bc8 30. Rf1 fxg6 31. Rxf8+ Nxf8 32. Qg5 Qxa4 33. Qd8 Qc6 34. Qa5 Qc5 35. Nb3 Qf2 36. Nec1 Qxg2 37. Qxb4 Qxh3 38. Qxd6 Qe6 39. Qd8 Qd7 40. Qg5 Qb5 41. Nd2 Ne6 42. Qxg6 Nd4 43. Qd6 Qc6 44. Qd8+ Kh7 45. Nc4 Be6 46. Qh4+ Kg8 47. Qd8+ Kh7 48. Qh4+ Kg8 49. Qd8+ 1/2-1/2

[Event "BCF-chT2 2324 (4NCL)"]
[Site "England"]
[Date "2023.11.11"]
[Round "2.68"]
[White "Walker, Heather Enid"]
[Black "Abhyuday, Santhosh"]
[Result "0-1"]
[WhiteElo "1198"]
[BlackElo "1991"]
[PlyCount "46"]
[EventDate "2023.11.11"]
[EventType "team-tourn"]
[EventRounds "11"]
[EventCountry "ENG"]
[SourceTitle "CB46_2023"]
[SourceDate "2023.11.15"]
[SourceVersion "1"]
[SourceVersionDate "2023.11.15"]
[SourceQuality "1"]
[WhiteTeam "Anglian Avengers"]
[BlackTeam "The ADS"]
[WhiteTeamCountry "ENG"]
[BlackTeamCountry "ENG"]

1. Nf3 Nf6 2. d4 g6 3. Nc3 d5 4. Bf4 Bg7 5. h3 0-0 6. e3 c6 7. Bd3 Nbd7 8. 0-0 b6 9. Qd2 Bb7 10. Rfe1 c5 11. b3 Ne4 12. Nxe4 dxe4 13. Be2 exf3 14. Bf1 fxg2 15. Bc4 Nf6 16. Qd1 Qd7 17. Kh2 Nh5 18. Be5 Qf5 19. Qe2 Bf3 20. Bd3 Bxe5+ 21. dxe5 Qxe5+ 22. Kg1 Bxe2 23. Rxe2 Qxa1+ 0-1

[Event "GBR-ch Major op 109th"]
[Site "Leicester"]
[Date "2023.07.26"]
[Round "5"]
[White "Abhyuday, Santhosh"]
[Black "Atako, Chino"]
[Result "0-1"]
[WhiteElo "1797"]
[BlackElo "2009"]
[PlyCount "94"]
[EventDate "2023.07.22"]
[EventType "swiss"]
[EventRounds "9"]
[EventCountry "ENG"]
[SourceTitle "EXT 2024"]
[Source "ChessBase"]
[SourceDate "2023.10.10"]
[SourceVersion "1"]
[SourceVersionDate "2023.10.10"]
[SourceQuality "1"]

1. e4 d6 2. d4 g6 3. Nc3 c6 4. a4 Bg7 5. Be3 Nf6 6. Qd2 Ng4 7. Bg5 h6 8. Bh4 Nd7 9. Bc4 0-0 10. f3 Ngf6 11. Nge2 d5 12. Bb3 dxe4 13. fxe4 g5 14. Bg3 b5 15. axb5 cxb5 16. e5 b4 17. Nd5 Ne4 18. Qe3 Nxg3 19. Nxg3 e6 20. Nxb4 Qb6 21. Nd3 f5 22. Nh5 Bb7 23. Qf2 Be4 24. Nxg7 Kxg7 25. Rd1 a5 26. 0-0 a4 27. Ba2 Rfe8 28. c4 Rab8 29. Rfe1 Bxd3 30. Rxd3 Qxb2 31. Rd2 Qc3 32. Re3 Qb4 33. d5 Nc5 34. h4 Nb3 35. Bxb3 axb3 36. Ree2 Qxc4 37. d6 Rb7 38. hxg5 hxg5 39. Rb2 Kg6 40. Qf3 Reb8 41. g3 Rh7 42. Qe3 Rbh8 43. Kf2 Rh2+ 44. Ke1 Rh1+ 45. Kd2 Qc1+ 46. Kd3 Rd1+ 47. Red2 Qxb2 0-1

[Event "GBR-ch Major op 109th"]
[Site "Leicester"]
[Date "2023.07.25"]
[Round "4"]
[White "Green, Michael"]
[Black "Abhyuday, Santhosh"]
[Result "1/2-1/2"]
[WhiteElo "1923"]
[BlackElo "1797"]
[PlyCount "74"]
[EventDate "2023.07.22"]
[EventType "swiss"]
[EventRounds "9"]
[EventCountry "ENG"]
[SourceTitle "EXT 2024"]
[Source "ChessBase"]
[SourceDate "2023.10.10"]
[SourceVersion "1"]
[SourceVersionDate "2023.10.10"]
[SourceQuality "1"]

1. g3 e5 2. Bg2 d5 3. c3 Nc6 4. d4 e4 5. h4 Be6 6. Nh3 Qd7 7. Qa4 Nf6 8. Na3 Ne7 9. Qxd7+ Kxd7 10. Bg5 Nf5 11. Bxf6 Bxa3 12. bxa3 gxf6 13. e3 b5 14. Nf4 Nd6 15. Bf1 Rab8 16. Kd2 c6 17. Be2 Rhg8 18. Rhb1 Rb6 19. Rb4 Bg4 20. Bf1 Kc7 21. Rab1 Rgb8 22. Kc2 a5 23. R4b2 a4 24. Kc1 Kd7 25. Kc2 Rc8 26. Kd2 Rb7 27. Rc1 Be6 28. Be2 Rg8 29. Rcb1 Bg4 30. Bf1 Rc7 31. Rc1 Rd8 32. Rcb1 Rb8 33. Rc1 Rbb7 34. Rcb1 h6 35. Rc1 Rc8 36. Rcb1 Ke7 37. Rb4 Rcc7 1/2-1/2

[Event "Mumbai Wealth op U13 4th"]
[Site "Mumbai"]
[Date "2019.01.04"]
[Round "6"]
[White "Medhansh, Rathi"]
[Black "Abhyuday, Santhosh"]
[Result "0-1"]
[WhiteElo "1194"]
[BlackElo "1409"]
[PlyCount "106"]
[EventDate "2018.12.30"]
[EventType "swiss"]
[EventRounds "9"]
[EventCountry "IND"]
[SourceTitle "CBM 188 Extra"]
[Source "ChessBase"]
[SourceDate "2019.02.26"]
[SourceVersion "1"]
[SourceVersionDate "2019.02.26"]
[SourceQuality "1"]

1. e4 e5 2. Nf3 Nc6 3. Bc4 Bc5 4. c3 Nf6 5. d3 0-0 6. Nbd2 d6 7. Bb3 Bb6 8. h3 Ne7 9. 0-0 Ng6 10. Re1 h6 11. Nf1 c6 12. Ng3 d5 13. exd5 Nxd5 14. Bc2 Qd6 15. Ne4 Qc7 16. a3 f5 17. Ned2 Bd7 18. Nc4 Rae8 19. Nxb6 Qxb6 20. Bb3 Kh8 21. c4 Nc7 22. Be3 c5 23. Bc2 f4 24. Bc1 Qf6 25. Ba4 Bxa4 26. Qxa4 Nh4 27. Qd1 Nxf3+ 28. Qxf3 Ne6 29. Qd1 Nd4 30. f3 Qh4 31. Rb1 Rf5 32. Qd2 Rg5 33. Kf1 Re6 34. Qf2 Qh5 35. Re2 Reg6 36. Be3 Rxg2 37. Bxd4 Rxf2+ 38. Bxf2 Qxh3+ 39. Ke1 Qh1+ 40. Kd2 Qxb1 41. Kc3 Rg2 42. Rd2 h5 43. Bxc5 Qc1+ 44. Kb3 Rxd2 45. Bxa7 Qxb2+ 46. Ka4 Rxd3 47. Bc5 Qb3+ 48. Ka5 b6+ 49. Bxb6 Qxc4 50. Ba7 Rxa3+ 51. Kb6 Ra6+ 52. Kb7 Qc6+ 53. Kb8 h4 0-1

[Event "Mumbai Wealth op U13 4th"]
[Site "Mumbai"]
[Date "2019.01.03"]
[Round "5"]
[White "Abhyuday, Santhosh"]
[Black "Thatavarthy, Siva Suhas"]
[Result "1/2-1/2"]
[WhiteElo "1409"]
[BlackElo "1173"]
[PlyCount "98"]
[EventDate "2018.12.30"]
[EventType "swiss"]
[EventRounds "9"]
[EventCountry "IND"]
[SourceTitle "CBM 188 Extra"]
[Source "ChessBase"]
[SourceDate "2019.02.26"]
[SourceVersion "1"]
[SourceVersionDate "2019.02.26"]
[SourceQuality "1"]

1. e4 c5 2. Nf3 d6 3. Bb5+ Bd7 4. Bxd7+ Nxd7 5. 0-0 g6 6. c3 Ngf6 7. Qe2 Bg7 8. Rd1 Qc7 9. d4 cxd4 10. cxd4 e6 11. Nc3 a6 12. Bg5 0-0 13. Rac1 h6 14. Bf4 Nh5 15. Bg3 Nxg3 16. hxg3 Qa5 17. Nd2 b5 18. Nb3 Qb6 19. Qd3 Rab8 20. Ne2 Rfc8 21. Qd2 Kh7 22. Qf4 Kg8 23. Rxc8+ Rxc8 24. Rc1 Rxc1+ 25. Qxc1 Qb7 26. Qc2 Nb6 27. Na5 Qc8 28. Qxc8+ Nxc8 29. Nb7 Kf8 30. f4 Ke8 31. Kf2 Kd7 32. e5 Bf8 33. exd6 Bxd6 34. Nxd6 Nxd6 35. b3 Kc6 36. Ke3 b4 37. g4 Kd5 38. Nc1 a5 39. Ne2 f6 40. Ng3 f5 41. gxf5 Nxf5+ 42. Nxf5 exf5 43. Kd3 g5 44. Ke3 g4 45. g3 h5 46. Kd3 Kd6 47. Ke3 Kd5 48. Kd3 h4 49. gxh4 g3 1/2-1/2

[Event "Mumbai Wealth rating op 4th"]
[Site "Mumbai"]
[Date "2018.12.31"]
[Round "2"]
[White "Abhyuday, Santhosh"]
[Black "Shreyas, Ghadi"]
[Result "1/2-1/2"]
[WhiteElo "1409"]
[BlackElo "1653"]
[PlyCount "111"]
[EventDate "2018.12.30"]
[EventType "swiss"]
[EventRounds "9"]
[EventCountry "IND"]
[SourceTitle "CBM 188 Extra"]
[Source "ChessBase"]
[SourceDate "2019.02.26"]
[SourceVersion "1"]
[SourceVersionDate "2019.02.26"]
[SourceQuality "1"]

1. d4 Nf6 2. c4 e6 3. Nc3 Bb4 4. Qc2 0-0 5. a3 Bxc3+ 6. Qxc3 b6 7. Nf3 Bb7 8. Bg5 d6 9. g3 Nbd7 10. Bg2 Rc8 11. 0-0 c5 12. Rad1 h6 13. Bxf6 Nxf6 14. dxc5 Rxc5 15. b4 Rc7 16. Qd4 Rd7 17. Rfe1 Qe7 18. e4 e5 19. Qd3 Rfd8 20. Nd2 Rf8 21. Nf1 Rdd8 22. Ne3 g6 23. Qc2 Nh5 24. Bf3 Ng7 25. Bg2 Ne6 26. Qd3 h5 27. Nf1 Nd4 28. Ne3 Kg7 29. Nc2 Ne6 30. Ne3 Nd4 31. Nc2 Nxc2 32. Qxc2 f5 33. Qb3 Qf7 34. exf5 Bxg2 35. Kxg2 Qxf5 36. Qe3 h4 37. gxh4 Qg4+ 38. Qg3 Qxc4 39. Rc1 Qd5+ 40. Kg1 Rc8 41. h5 Qe6 42. Qxg6+ Qxg6+ 43. hxg6 Kxg6 44. Rcd1 Rf6 45. Re3 Rc2 46. Rf1 Kf7 47. Kg2 Ke6 48. h4 d5 49. h5 d4 50. Rh3 Rh6 51. Rfh1 e4 52. Kg3 Kf5 53. Rh4 Rc3+ 54. Kg2 Rxa3 55. Re1 e3 56. Rxd4 1/2-1/2

[Event "IND-ch U09 op 32nd"]
[Site "Ranchi"]
[Date "2018.09.18"]
[Round "6.2"]
[White "Mayank, Chakraborty"]
[Black "Abhyuday, Santhosh"]
[Result "1/2-1/2"]
[WhiteElo "1655"]
[BlackElo "1393"]
[PlyCount "102"]
[EventDate "2018.09.15"]
[EventType "swiss"]
[EventRounds "11"]
[EventCountry "IND"]
[SourceTitle "EXT 2024"]
[Source "ChessBase"]
[SourceDate "2023.10.10"]
[SourceVersion "1"]
[SourceVersionDate "2023.10.10"]
[SourceQuality "1"]

1. e4 c5 2. Nf3 d6 3. Bb5+ Nd7 4. d4 cxd4 5. Qxd4 a6 6. Bxd7+ Bxd7 7. c4 Rc8 8. Be3 h6 9. 0-0 Nf6 10. Rc1 e5 11. Qd3 Be7 12. Nc3 Be6 13. Nd5 Bxd5 14. cxd5 0-0 15. Nd2 Ng4 16. Nf1 Nxe3 17. Nxe3 Rxc1+ 18. Rxc1 Bg5 19. Qc3 Bxe3 20. Qxe3 Qd7 21. Qc3 Rd8 22. Qc7 Kh7 23. h3 f6 24. Qb6 Rc8 25. Qe3 Rc7 26. Rxc7 Qxc7 27. Qc3 Qd7 28. Qc4 Kg8 29. Kf1 Kf7 30. Ke2 Ke7 31. b4 b5 32. Qc3 Kf7 33. Kd2 Ke7 34. Kc2 Qa7 35. Qd2 Qc7+ 36. Qc3 Qb6 37. Qd2 Qc7+ 38. Qc3 Qa7 39. f3 Qb7 40. Kd2 Kd7 41. Ke2 Qb6 42. Kf1 g6 43. g3 Qc7 44. Qxc7+ Kxc7 45. f4 Kd7 46. Kf2 Ke7 47. Kf3 Kf7 48. h4 h5 49. g4 Kg7 50. f5 gxf5 51. gxf5 Kf7 1/2-1/2